| 000 | 00000nam##2200000za#4500 |
| 001 | 9.577442 |
| 003 | CaOODSP |
| 005 | 20210624185619 |
| 007 | cr ||||||||||| |
| 008 | 150406|2004||||xxc|||||o f|0| 0 eng|d |
| 040 | |aCaOODSP|beng |
| 043 | |an-cn--- |
| 086 | 1 |aFs97-13/1132E-PDF |
| 110 | 1 |aCanada. |bDepartment of Fisheries and Oceans. |
| 245 | 10|aCoastal Temperature Monitoring Program for 2002 - Southern Gulf of St. Lawrence / |h[electronic resource]|c[by] Fernand Savoie and Michel Comeau Oceans. |
| 260 | |aMoncton - New Brunswick : |bFisheries and Oceans Canada |c2004. |
| 300 | |a112p.|bfigs., references, tables |
| 490 | 1 |aCanadian data report of fisheries and aquatic sciences|vNo. 1132 |
| 500 | |aOn t.p.: Oceans & Science Branch, Gulf Region, Gulf Fisheries Centre, Moncton, New Brunswick. The catalogue number and ISSN for the print edition appear in the PDF version. |
| 546 | |a(Résumé en français) |
| 590 | |a13-22-Supp|b2013-09-26 |
| 720 | 1 |aSavoie, Fernand |
| 720 | 1 |aComeau, Michel |
| 830 | #0|aCanadian data report of fisheries and aquatic sciences ;|vNo. 1132|w(CaOODSP)9.505124 |
| 856 | 40|ahttp://publications.gc.ca|qPDF|s4083 KB|uhttps://publications.gc.ca/collections/collection_2013/mpo-dfo/Fs97-13-1132-eng.pdf|yNo. 1132 |